Catálogo
 En Linea

Propuestas desde la oposición para el establecimiento de un sistema electoral realmente democrático (Registro nro. 50112)

Detalles MARC
000 -CABECERA
campo de control de longitud fija 00800nam a2200229 4500
003 - IDENTIFICADOR DEL NÚMERO DE CONTROL
campo de control DO-SdBNP
005 - FECHA Y HORA DE LA ÚLTIMA TRANSACCIÓN
campo de control 20220719123802.0
007 - CAMPO FIJO DE DESCRIPCIÓN FÍSICA--INFORMACIÓN GENERAL
campo de control de longitud fija ta
008 - DATOS DE LONGITUD FIJA--INFORMACIÓN GENERAL
campo de control de longitud fija 210715b2018 ||||| |||| 00| 0 spa
040 ## - FUENTE DE LA CATALOGACIÓN
Centro catalogador/agencia de origen DO-SdBNP
Lengua de catalogación spa
Centro/agencia transcriptor BNPHU
082 #4 - NÚMERO DE LA CLASIFICACIÓN DECIMAL DEWEY
Número de clasificación 324.6
Número de documento/Ítem P965d
Número de edición 22
245 01 - MENCIÓN DE TÍTULO
Título Propuestas desde la oposición para el establecimiento de un sistema electoral realmente democrático
260 ## - PUBLICACIÓN, DISTRIBUCIÓN, ETC.
Lugar de publicación, distribución, etc. Santo Domingo :
Nombre del editor, distribuidor, etc. [s.n],
Fecha de publicación, distribución, etc. 2018.
300 ## - DESCRIPCIÓN FÍSICA
Extensión 22 p. :
Dimensiones 21 cm
500 ## - NOTA GENERAL
Nota general Titulo tomado de la cubierta
590 ## - NOTA LOCAL (RLIN)
Nota local Inventariado, 2021 S/A
650 #4 - PUNTO DE ACCESO ADICIONAL DE MATERIA--TÉRMINO DE MATERIA
9 (RLIN) 22133
Término de materia o nombre geográfico como elemento de entrada Sistema electoral
Subdivisión geográfica República Dominicana
650 #4 - PUNTO DE ACCESO ADICIONAL DE MATERIA--TÉRMINO DE MATERIA
9 (RLIN) 37639
Término de materia o nombre geográfico como elemento de entrada Elecciones
Subdivisión general Legislación
Subdivisión geográfica República Dominicana
650 #4 - PUNTO DE ACCESO ADICIONAL DE MATERIA--TÉRMINO DE MATERIA
Término de materia o nombre geográfico como elemento de entrada Sufragio
Subdivisión geográfica República Dominicana
9 (RLIN) 77844
910 ## - DATOS DE OPCIÓN DEL USUARIO (OCLC)
Datos de opción del usuario Saquino/Validado. Control de calidad MFF
942 ## - ELEMENTOS DE PUNTO DE ACCESO ADICIONAL (KOHA)
Fuente del sistema de clasificación o colocación Dewey Decimal Classification
Tipo de ítem Koha Folleto
Existencias
Estado de retiro Estado de pérdida Fuente del sistema de clasificación o colocación Restricciones de uso No para préstamo Código de colección Localización permanente Ubicación/localización actual Ubicación en estantería Fecha de adquisición Fuente de adquisición Signatura topográfica completa Código de barras Fecha visto por última vez Precio válido a partir de Tipo de ítem Koha Número de copia
    Dewey Decimal Classification Excluido de préstamo   Dominicana Folletos Biblioteca Nacional Pedro Henríquez Ureña Biblioteca Nacional Pedro Henríquez Ureña Depósito 15.07.2021 Depósito Legal BNPHU F-PD 324.6 P965d 2021-25142 15.07.2021 15.07.2021 Folleto  
    Dewey Decimal Classification Préstamo en sala   Dominicana Folletos Biblioteca Nacional Pedro Henríquez Ureña Biblioteca Nacional Pedro Henríquez Ureña Depósito 15.07.2021 Depósito Legal BNPHU F-DS 324.6 P965d 2021-25144 15.07.2021 15.07.2021 Folleto e.3
    Dewey Decimal Classification Excluido de préstamo   Dominicana Folletos Biblioteca Nacional Pedro Henríquez Ureña Biblioteca Nacional Pedro Henríquez Ureña Depósito 15.07.2021 Depósito Legal BNPHU F-PD 324.6 P965d 2021-25143 15.07.2021 15.07.2021 Folleto e.2

Con tecnología Koha